Svět dopravy : (Záznam č. 34272)

Podrobnosti MARC
000 -Návěští
Řídící pole kódované 24B 01758nam a2200469 i 4500
001 - Kontrolní číslo
Řídící pole proměnné nkc20253720101
003 - Identifikátor kontrolního čísla
Řídící pole proměnné CZ PrSKC
005 - Datum posledního zpracování
Řídící pole 16B 20260512163624.0
007 - Pole pevné délky pro fyzický popis
Řídící pole kódované ta
008 - Údaje pevné délky
Řídící pole kódované 40B 251112s2025 xr a a 000 0 cze
020 ## - ISBN
ISBN 9788076883826
040 ## - Zdroj katalogizace-agentura
Agentura původní katalogizace BOA001
Jazyk katalogizace cze
Použitá pravidla popisu rda
072 #7 - Kód předmětové kategorie - Konspekt
Předmětová kategorie 656
Zpřesnění předmětové kategorie Doprava
Zdroj předmětové klasifikace Konspekt
072 #7 - Kód předmětové kategorie - Konspekt
Předmětová kategorie 0/9-053.2
Zpřesnění předmětové kategorie Literatura pro děti a mládež (naučná)
Zdroj předmětové klasifikace Konspekt
080 ## - MDT
Klasifikační znak MDT 656
Idetifikátor vydání MDT MRF
080 ## - MDT
Klasifikační znak MDT 629
Idetifikátor vydání MDT MRF
080 ## - MDT
Klasifikační znak MDT (02)004.031.42
Idetifikátor vydání MDT MRF
080 ## - MDT
Klasifikační znak MDT (0.025.2)
Idetifikátor vydání MDT MRF
080 ## - MDT
Klasifikační znak MDT (0.053.2)
Idetifikátor vydání MDT MRF
100 0# - Hlavní záhlaví - osobní jméno autora
Osobní jméno Vhrsti,
Datumy související se jménem 1975-
Kód role ill
9 (RLIN) 20750
245 10 - Údaje o názvu
Název Svět dopravy :
Další údaje o názvu interaktivní mluvicí kniha /
Údaj o odpovědností, atd. ilustrace: Vhrsti
250 ## - Údaje o vydání
Označení vydání 1. vydání
264 #1 - Nakladatelské údaje
Místo vydání Praha :
Nakladatel Albi,
Rok vydání 2025
300 ## - Fyzický popis
Rozsah 18 nečíslovaných stran :
další fyzické údaje barevné ilustrace ;
Rozměry 27 cm
490 1# - Údaje o edici
Údaje o edici Kouzelné čtení
500 ## - Všeobecná poznámka
Text obecné poznámky Bez textu
500 ## - Všeobecná poznámka
Text obecné poznámky Kartonové listy
500 ## - Všeobecná poznámka
Text obecné poznámky Funguje pouze s elektronickou Albi tužkou, která není součástí publikace
520 2# - Anotace
Anotace, atd. Informace o dopravních prostředcích a strojích, které vídáme ve městě, na letišti, nádraží, poli, stavbě i na vodních plochách či vesmírné a jiné speciální prostředky. Interaktivní obrázková kniha, pro čtení s elektronickou "mluvící" tužkou.
650 07 - Vedlejší věcné záhlaví - věcné téma
Věcné téma doprava
Zdroj záhlaví nebo termínu czenas
9 (RLIN) 8762
650 07 - Vedlejší věcné záhlaví - věcné téma
Věcné téma dopravní prostředky
Zdroj záhlaví nebo termínu czenas
9 (RLIN) 2227
650 09 - Vedlejší věcné záhlaví - věcné téma
Věcné téma transportation
Zdroj záhlaví nebo termínu eczenas
9 (RLIN) 8763
650 09 - Vedlejší věcné záhlaví - věcné téma
Věcné téma means of transportation
Zdroj záhlaví nebo termínu eczenas
9 (RLIN) 2230
655 #7 - Rejstříkový termín - žánr/forma
Žánr/forma či základní termín interaktivní mluvící knihy
-- 9294
655 #7 - Rejstříkový termín - žánr/forma
Žánr/forma či základní termín leporela
-- 906
655 #7 - Rejstříkový termín - žánr/forma
Žánr/forma či základní termín publikace pro děti
655 #9 - Rejstříkový termín - žánr/forma
Žánr/forma či základní termín interactive talking books
-- 9724
655 #9 - Rejstříkový termín - žánr/forma
Žánr/forma či základní termín folding picture-books
-- 7353
655 #9 - Rejstříkový termín - žánr/forma
Žánr/forma či základní termín children's literature
910 ## - Údaje o vlastníkovi jednotky (exempláře)
Sigla vlastníka jednotky ABG508
Jednotky
Stav ztráty Zdroj klasifikace pro skladování Stav poškození
  Universal Decimal Classification  

Používáme knihovní systém Koha